Normal view MARC view

Entry Nombre personal

Number of records used in: 1

001 - NÚMERO DE CONTROL

  • campo de control: 111672

003 - IDENTIFICADOR DE NÚMERO DE CONTROL

  • campo de control: OSt

005 - FECHA Y HORA DE LA ÚLTIMA TRANSACCIÓN

  • campo de control: 20260417115010.0

008 - ELEMENTOS DE DATO DE LONGITUD-FIJA

  • campo de control de longitud fija: 260417|| aca||aabn | a|a d

040 ## - FUENTE DE CATALOGACIÓN

  • Centro catalogador/agencia de origen: M-RABA

100 1# - ENCABEZAMIENTO-NOMBRE DE PERSONA

  • Nombre de persona: Jacquemin, Teodoro

374 ## - OCUPACIÓN

  • Ocupación: Fotógrafo

375 ## - GÉNERO/SEXO

  • Género: Masculino

400 1# - TRAZADO DE VÉASE--NOMBRE DE PERSONA

  • Nombre de persona: A. Replat & Jacquemin

400 1# - TRAZADO DE VÉASE--NOMBRE DE PERSONA

  • Nombre de persona: Fotografía Africana y A. Replat & Jacquemin,

670 ## - FUENTE DE DATOS ENCONTRADOS

  • Cita de la fuente: [Aparato de navegación aérea de Emilio Abes], 1891
  • Información encontrada: (Sello al verso: "Fotografía eléctrica de Teodoro Jacquemin")

670 ## - FUENTE DE DATOS ENCONTRADOS

  • Cita de la fuente: Albert Arnavat, "Los orígenes de la fotografía en la segunda ciudad de Cataluña: Reus, 1839-1903", 2016
  • Información encontrada: (A su vez, diversos fotógrafos estranjeros, franceses, trabajaron en la ciudad, como A. Replat, que usó el nombre comercial de A. Replat & Jacquemin, activo hacia 187013; Teodoro Jacquemin, con el nombre comercial de Fotografía Africana y A. Replat & Jacquemin, activo entre c.1870 y 1920 en Reus e Igualada, Zaragoza, y Vinaròs)

Powered by Koha